000 00945nam a22002417a 4500
001 5625
003 FISKH
005 20250108085738.0
008 250108b cb ||||| |||| 00| 0 eng d
020 _a9780006547839
040 _aFISKH
_beng
_cFISKH
_dFISKH
050 _aPT8176.O335
082 _a839.81374
100 _aHøeg, Peter
245 _aMiss Smilla's feeling for snow /
_cby Peter Høeg
260 _aLondon :
_bFlamingo ;
_c1994.
300 _a409 pages :
_billustrations , maps ;
_c20 cm .
520 _aIsaiah, the son of one of Smilla Jasperson's neighbors, is found face-down in the snow outside her Copenhagen apartment building, leaving the usually stoical Smilla disturbed. She quickly rejects the official verdict of accidental death when she observes the footprints the boy left in the snow.
650 _a thriller
_vFiction
700 _aDavid, F.
_etranslator from Danish
942 _2ddc
_cBK
_n0
999 _c5625
_d5625